Can you name all these Marvel Characters? Quiz Stats

 Plays Quiz not verified by Sporcle

Challenge
Share
Tweet
Score 0/155 Timer 20:00
0 Plays Today
% Correct
Abomination
88.3%
Ant-Man
86.8%
Black Widow
81%
Angel
80%
Black Panther
80%
Beast
78%
Captain America
78%
Blade
77.1%
Daredevil
75.1%
Deadpool
74.6%
Ghost Rider
73.7%
Groot
73.7%
Hulk
73.7%
Iron Man
73.7%
Doctor Strange
73.2%
Doctor Doom
72.7%
Green Goblin
72.7%
Falcon
72.2%
Nick Fury
72.2%
Captain Britain
71.7%
Magneto
71.7%
Cable
71.2%
Mr Fantastic
71.2%
Elektra
70.7%
Invisible Woman
70.7%
Doctor Octopus
70.2%
Gambit
70.2%
Iron Fist
70.2%
Apocalypse
69.8%
Banshee
69.8%
Captain Marvel
69.8%
Gamora
69.8%
Iceman
69.8%
Luke Cage
69.8%
Professor X
69.3%
Punisher
69.3%
Red Skull
69.3%
Colossus
68.8%
Drax the Destroyer
68.8%
Loki
68.8%
Silver Surfer
68.8%
Red Hulk
68.8%
Mystique
68.3%
Star-Lord
68.3%
Rhino
67.8%
Black Bolt
67.3%
Quicksilver
67.3%
Agent Venom
66.8%
Blob
66.8%
Crossbones
66.8%
Emma Frost
66.8%
Galactus
66.8%
% Correct
Juggernaut
66.8%
Rocket Raccoon
66.8%
Bullseye
66.3%
Hercules
65.9%
Scarlet Witch
65.4%
Electro
64.9%
Jessica Jones
64.9%
Rogue
64.9%
Vision
64.9%
Wolverine
64.9%
Phil Coulson
64.4%
Thor
64.4%
Baron Zemo
63.9%
Havok
63.9%
Namor
63.9%
Psylocke
63.4%
The Lizard
63.4%
Venom
63.4%
Beta Ray Bill
62.4%
Medusa
62.4%
Nebula
62.4%
Bishop
62%
Jubilee
62%
Squirrel Girl
62%
Storm
62%
Cloak
61.5%
Dagger
61.5%
A-Bomb
61.5%
Man-Thing
61%
Winter Soldier
61%
Maria Hill
60.5%
Pyro
60%
Sentinel
59.5%
Toad
59.5%
Hawkeye
59%
Adam Warlock
58.5%
Dazzler
58%
Iron Monger
58%
Ronan the Accuser
57.6%
Whiplash
57.6%
X-23
57.6%
Silver Samurai
57.1%
Arnim Zola
56.1%
Shadowcat
56.1%
Lady Deathstrike
55.1%
Mr Sinister
54.6%
Nightcrawler
54.6%
Yellowjacket
54.6%
Aldrich Killian
53.2%
Dormammu
53.2%
Cannonball
52.7%
War Machine
52.7%
% Correct
Hulkling
52.2%
Alexander Pierce
51.7%
Viper
51.2%
Quake
50.7%
Mockingbird
50.2%
Baron Mordo
49.8%
Wasp
49.8%
Wonder Man
49.8%
Klaw
49.3%
Polaris
49.3%
US Agent
49.3%
Magik
48.8%
Sunspot
48.8%
Warpath
48.8%
Sasquatch
48.3%
Blink
47.8%
Armor
47.3%
Cyclops
47.3%
Ka-Zar
47.3%
Lockheed
47.3%
Human Torch
46.8%
Onslaught
46.8%
Sharon Carter
45.9%
Kingpin
45.4%
Azazel
44.9%
Surtur
44.4%
William Stryker
43.9%
Sabretooth
43.4%
Sandman
42.9%
Baron Wolfgang Von Strucker
42.4%
Northstar
42.4%
Spider-Man
42.4%
Malekith the Accursed
42%
The Ancient One
42%
Hyperion
41.5%
Thanos
41.5%
Wolfsbane
41%
Guardian
40.5%
Quasar
39.5%
Thing
39.5%
Siryn
38%
Ultron
38%
Omega Red
37.1%
Kurse
36.6%
Puck
36.1%
Phoenix
35.6%
Taskmaster
34.1%
Mantis
30.7%
The Other
22%
The Mandarin
21%
Korath the Pursuer
20.5%

You're not logged in!

Compare scores with friends on all Sporcle quizzes.
OR
Log In

You Might Also Like...

Show Comments

Extras

Created Apr 27, 2016ReportNominate
Tags:Marvel Quiz, character

Top Quizzes Today


Score Distribution

Your Account Isn't Verified!

In order to create a playlist on Sporcle, you need to verify the email address you used during registration. Go to your Sporcle Settings to finish the process.

Report this User

Report this user for behavior that violates our Community Guidelines.

Details: